000
00345nam a2200157Ia 4500
008
210210b1932 xxu||||| |||| 00| 0 eng d
041
_a
eng
082
_a
881/62
100
_a
KSHAMA ROW
245
_a
Satyagraha gita
260
_a
Paris
_b
-
_c
1932
650
_a
Satyagraha
650
_a
gita
690
_a
Sanskrit Poetry
906
_a
024233
999
_c
149631
_d
149631